Quantitative Techniques for Decision Making. (Record no. 2395)

MARC details
000 -LEADER
fixed length control field 00421nam a22001697a 4500
005 - DATE AND TIME OF LATEST TRANSACTION
control field 20160611115140.0
008 - FIXED-LENGTH DATA ELEMENTS--GENERAL INFORMATION
fixed length control field 160611b xxu||||| |||| 00| 0 eng d
020 ## - INTERNATIONAL STANDARD BOOK NUMBER
ISBN 978-81-203-3733-6
041 ## - LANGUAGE CODE
Language code of text/sound track or separate title eng
082 ## - DEWEY DECIMAL CLASSIFICATION NUMBER
Item number 6871
100 ## - MAIN ENTRY--AUTHOR NAME
Personal name Gupta, M.P. Khanna, R.B.
245 ## - TITLE STATEMENT
Title Quantitative Techniques for Decision Making.
260 ## - PUBLICATION, DISTRIBUTION, ETC. (IMPRINT)
Place of publication New Delhi
Name of publisher PHI,
300 ## - PHYSICAL DESCRIPTION
Number of Pages 623
650 ## - SUBJECT ADDED ENTRY--TOPICAL TERM
Topical Term Management
942 ## - ADDED ENTRY ELEMENTS (KOHA)
Koha item type Books
Holdings
Lost status Damaged status Collection code Home library Current library Shelving location Date acquired Cost, normal purchase price Full call number Accession Number Koha item type
    MANAGEMENT JRU Library JRU Library SHELF-63-K 11/06/2016 395.00 6871 6871 Books
    Reference JRU Library   SHELF-29-A 11/06/2016 395.00 6871 6872 Books
    MANAGEMENT JRU Library JRU Library SHELF-63-K 11/06/2016 395.00 6871 6873 Books
    MANAGEMENT JRU Library JRU Library SHELF-63-K 11/06/2016 395.00 6871 6874 Books
    MANAGEMENT JRU Library JRU Library SHELF-63-K 11/06/2016 395.00 6871 6875 Books
    MANAGEMENT JRU Library JRU Library SHELF-63-K 11/06/2016 395.00 6871 6876 Books
      JRU Library     11/06/2016 395.00 6871 6877 Books
    MANAGEMENT JRU Library JRU Library SHELF-63-K 11/06/2016 395.00 6871 6878 Books